header

Germany's war and the Holocaust (Record no. 41284)

MARC details
000 -LEADER
fixed length control field 01550nam a2200397Ia 4500
082 04 - DEWEY DECIMAL CLASSIFICATION NUMBER
Classification number 940.53/18
100 1# - MAIN ENTRY--AUTHOR NAME
Personal name Bartov, Omer.
245 10 - TITLE STATEMENT
Title Germany's war and the Holocaust
260 ## - PUBLICATION, DISTRIBUTION, ETC. (IMPRINT)
Place of publication Ithaca :
Name of publisher Cornell University Press,
Year of publication 2003.
300 ## - PHYSICAL DESCRIPTION
Number of Pages xxi, 248 p.
650 #0 - SUBJECT ADDED ENTRY--TOPICAL TERM
Topical Term Holocaust, Jewish (1939-1945)
Topical Term World War, 1939-1945
Topical Term World War, 1939-1945
Topical Term National socialism
Topical Term War crimes.
Topical Term World War, 1939-1945
856 40 - ELECTRONIC LOCATION AND ACCESS
Uniform Resource Identifier http://site.ebrary.com/lib/rucke/Doc?id=10715674

No items available.

© 2026 Rongo University
Contact us: librarian | system librarian | Rongo university